000
00327nam a2200121 a 4500
005
20141022142009.0
008
120228s19uu xx 00 eng d
050
_a
CD
_b
G92 2007
100
_a
Gschwandther, Gerhard
245
_a
Sales questions thet close every deal /
_c
gerhard Gschwandther.
260
_c
2007.
942
_c
AVM
999
_c
276645
_d
276645